| 000 -LEADER |
| fixed length control field |
01671cam a22003257a 4500 |
| 001 - CONTROL NUMBER |
| control field |
15472257 |
| 005 - DATE AND TIME OF LATEST TRANSACTION |
| control field |
20170208112033.0 |
| 008 - FIXED-LENGTH DATA ELEMENTS--GENERAL INFORMATION |
| fixed length control field |
080915s2009 nyua bc 000 0 eng |
| 010 ## - LIBRARY OF CONGRESS CONTROL NUMBER |
| LC control number |
2008937550 |
| 020 ## - INTERNATIONAL STANDARD BOOK NUMBER |
| International Standard Book Number |
9780300151572 (pbk.) |
| 035 ## - SYSTEM CONTROL NUMBER |
| System control number |
(OCoLC)ocn262432388 |
| 040 ## - CATALOGING SOURCE |
| Original cataloging agency |
UKM |
| Transcribing agency |
UKM |
| Modifying agency |
BTCTA |
| -- |
YDXCP |
| -- |
BWX |
| -- |
C#P |
| -- |
CDX |
| -- |
OCLCQ |
| -- |
OUN |
| -- |
LML |
| -- |
DLC |
| 050 00 - LIBRARY OF CONGRESS CALL NUMBER |
| Classification number |
NK8454.2.J3 |
| Item number |
E27 2009 |
| 100 1# - MAIN ENTRY--PERSONAL NAME |
| Personal name |
Earle, Joe. |
| 245 10 - TITLE STATEMENT |
| Title |
Buriki : |
| Remainder of title |
Japanese tin toys from the golden age of the American automobile : the Yoku Tanaka collection / |
| Statement of responsibility, etc. |
Joe Earle. |
| 260 ## - PUBLICATION, DISTRIBUTION, ETC. (IMPRINT) |
| Place of publication, distribution, etc. |
New York : |
| Name of publisher, distributor, etc. |
Japan Society ; |
| Place of publication, distribution, etc. |
New Haven : |
| Name of publisher, distributor, etc. |
Distributed by Yale University Press, |
| Date of publication, distribution, etc. |
c2009. |
| 300 ## - PHYSICAL DESCRIPTION |
| Extent |
95, [1] p. : |
| Other physical details |
chiefly ill. (chiefly col.) ; |
| Dimensions |
22 x 26 cm. |
| 500 ## - GENERAL NOTE |
| General note |
"This volume accompanies the exhibition Buriki: Japanese tin toys from the golden age of the American automobile, the Yoku Tanaka collection at Japan Society Gallery, New York, July 9-August 16, 2009"--T.p. verso. |
| 504 ## - BIBLIOGRAPHY, ETC. NOTE |
| Bibliography, etc |
Includes bibliographical references (p. [96]). |
| 600 10 - SUBJECT ADDED ENTRY--PERSONAL NAME |
| Personal name |
Tanaka, Yoku, |
| Dates associated with a name |
1944- |
| General subdivision |
Art collections |
| Form subdivision |
Exhibitions. |
| 650 #0 - SUBJECT ADDED ENTRY--TOPICAL TERM |
| Topical term or geographic name as entry element |
Tin toys |
| Geographic subdivision |
Japan |
| General subdivision |
History |
| Chronological subdivision |
20th century |
| Form subdivision |
Exhibitions. |
| 650 #0 - SUBJECT ADDED ENTRY--TOPICAL TERM |
| Topical term or geographic name as entry element |
Automobiles |
| General subdivision |
Models |
| Geographic subdivision |
Japan |
| Form subdivision |
Exhibitions. |
| 710 2# - ADDED ENTRY--CORPORATE NAME |
| Corporate name or jurisdiction name as entry element |
Japan Society (New York, N.Y.). |
| Subordinate unit |
Gallery. |
| 942 ## - ADDED ENTRY ELEMENTS (KOHA) |
| Source of classification or shelving scheme |
|
| Koha item type |
Hard Covered Materials |